Latin Animal Names - Statistics

General Stats
  • This quiz has been taken 1,187 times
  • The average score is 15 of 20
Answer Stats
Latin name English name % Correct
Canis Dog
99%
Leo Lion
99%
Tigris Tiger
98%
Piscis Fish
96%
Lupus Wolf
96%
Rattus Rat
95%
Serpens Snake
95%
Avis Bird
93%
Ursus Bear
92%
Equus Horse
90%
Porcus Pig
83%
Vulpes Fox
82%
Feles Cat
80%
Mus Mouse
64%
Bos Cow
57%
Corvus Crow
56%
Papilio Butterfly
54%
Mollusca Snail
41%
Rana Frog
36%
Anser Goose
17%
No matching quizzes found
Score Distribution
Percent of People with Each Score
Percentile by Number Answered
Your Score History
You have not taken this quiz